Por qué los relojes hacen tic-tac?
Bewaard in:
| Hoofdauteur: | |
|---|---|
| Formaat: | Boek |
| Taal: | Spaans |
| Gepubliceerd in: |
Santiago
Alicanto
1988
|
| Editie: | 5a. ed |
| Reeks: | Colecciones Alicanto de Literatura Infantil
|
| Onderwerpen: | |
| Tags: |
Voeg label toe
Geen labels, Wees de eerste die dit record labelt!
|
MARC
| LEADER | 00000nam a2200000 a 4500 | ||
|---|---|---|---|
| 001 | UCZ3846 | ||
| 003 | CL-VaPUC | ||
| 008 | 951027e19880000CL |||||||||||||||||spa|d | ||
| 082 | 0 | 4 | |a Ch863 |b SCH |2 21 |
| 100 | 0 | |a Schkolnik, Saúl |e author |9 347697 | |
| 245 | 1 | 0 | |a Por qué los relojes hacen tic-tac? |
| 250 | |a 5a. ed | ||
| 300 | |a 15 p | ||
| 942 | |c BK | ||
| 945 | |d 19951027 00:00:00 |a cmena | ||
| 260 | |a Santiago |b Alicanto |c 1988 | ||
| 650 | 0 | |a Cuentos infantiles chilenos |9 308784 | |
| 650 | 0 | |a Literatura chilena |9 308278 | |
| 583 | |a last modification |c 19951027 00:00:00 |k Rodrigo Vera | ||
| 490 | 0 | |a Colecciones Alicanto de Literatura Infantil | |
| 999 | |c 240293 |d 240291 | ||